Concise inorganic chemistry Ed 5 (Record no. 213778)
[ view plain ]
| 000 -LEADER | |
|---|---|
| fixed length control field | 00568nam a2200241Ia 4500 |
| 003 - CONTROL NUMBER IDENTIFIER | |
| control field | OSt |
| 005 - DATE AND TIME OF LATEST TRANSACTION | |
| control field | 20250606094040.0 |
| 008 - FIXED-LENGTH DATA ELEMENTS--GENERAL INFORMATION | |
| fixed length control field | 210719s2003 xx 000 0 und d |
| 020 ## - INTERNATIONAL STANDARD BOOK NUMBER | |
| International Standard Book Number | 0632052937 |
| 040 ## - CATALOGING SOURCE | |
| Transcribing agency | AL |
| 041 ## - LANGUAGE CODE | |
| Language code of text/sound track or separate title | eng |
| 082 ## - DEWEY DECIMAL CLASSIFICATION NUMBER | |
| Classification number | 546 LEEC |
| 100 ## - MAIN ENTRY--PERSONAL NAME | |
| Personal name | LEE (J D) |
| 9 (RLIN) | 213036 |
| 245 ## - TITLE STATEMENT | |
| Title | Concise inorganic chemistry Ed 5 |
| 250 ## - EDITION STATEMENT | |
| Edition statement | 5 |
| 260 ## - PUBLICATION, DISTRIBUTION, ETC. | |
| Place of publication, distribution, etc. | London |
| Date of publication, distribution, etc. | 2003 |
| 300 ## - PHYSICAL DESCRIPTION | |
| Extent | xxxv,1032 |
| Other physical details | PB |
| 365 ## - TRADE PRICE | |
| Price amount | 495 |
| Currency code | Rs |
| 650 ## - SUBJECT ADDED ENTRY--TOPICAL TERM | |
| Topical term or geographic name entry element | Chemistry |
| 9 (RLIN) | 213037 |
| 650 ## - SUBJECT ADDED ENTRY--TOPICAL TERM | |
| Topical term or geographic name entry element | Inorganic Chemistry |
| 9 (RLIN) | 213038 |
| 906 ## - LOCAL DATA ELEMENT F, LDF (RLIN) | |
| a | Inorganic Chemistry |
| 942 ## - ADDED ENTRY ELEMENTS (KOHA) | |
| Source of classification or shelving scheme | Dewey Decimal Classification |
| Koha item type | Book |
| Withdrawn status | Lost status | Source of classification or shelving scheme | Damaged status | Not for loan | Collection code | Home library | Current library | Shelving location | Date acquired | Source of acquisition | Cost, normal purchase price | Total Checkouts | Full call number | Barcode | Date last seen | Price effective from | Koha item type |
|---|---|---|---|---|---|---|---|---|---|---|---|---|---|---|---|---|---|
| Dewey Decimal Classification | Chemistry | St Aloysius Library | St Aloysius Library | Stack Section | 12/27/2003 | School Book Company, Mangalore. | 495.00 | 546 LEEC | D02331 | 07/19/2021 | 07/19/2021 | Donated Books |